000
00287nam a22001337a 4500
008
170324b xxu||||| |||| 00| 0 eng d
020
_a
9781450402200
041
_a
eng
080
_a
615.83
100
_a
8
101
_a
SHM
245
_a
MUSCLE AND STRENGH
_c
CARBRAL.S
942
_2
udc
_c
BK
999
_c
8619
_d
8619